000
00264nam a2200109Ia 4500
008
190216s9999||||xx |||||||||||||| ||und||
100
_a
Arnold Bennett
245
0
_a
Fossil Sasya Shashthra Praveesham
260
_b
Bhasha Institute
650
_a
Botany
942
_c
BK
999
_c
39466
_d
39466